Normal view
MARC view
- Shayan Umar (00000317872)
Entry Personal Name
001 - CONTROL NUMBER
- control field: 116749
003 - CONTROL NUMBER IDENTIFIER
- control field: NUST
005 - DATE AND TIME OF LATEST TRANSACTION
- control field: 20230912170034.0
008 - FIXED-LENGTH DATA ELEMENTS
- fixed length control field: 230912|| aca||aabn | a|a d
040 ## - CATALOGING SOURCE
- Original cataloging agency: NUST
- Transcribing agency: NUST
100 ## - HEADING--PERSONAL NAME
- Personal name: Shayan Umar (00000317872)
670 ## - SOURCE DATA FOUND
- Source citation: Work cat.: (NUST): Shayan Umar (00000317872), Experimental Study of the Impact of Dew on Soiling and Automatic Surface-Cleaning Set-Up to Optimize the Electricity Production of PV Panels in Polluted Atmosphere /, 2022
